Arbitraje comercial internacional
I tiakina i:
| Kaituhi matua: | |
|---|---|
| Hōputu: | Pukapuka |
| Reo: | Pāniora |
| I whakaputaina: |
Santiago
Jurídica de Chile
2005
|
| Putanga: | 1a. ed |
| Ngā marau: | |
| Ngā Tūtohu: |
Tāpirihia he Tūtohu
Kāore He Tūtohu, Me noho koe te mea tuatahi ki te tūtohu i tēnei pūkete!
|
MARC
| LEADER | 00000nam a2200000 a 4500 | ||
|---|---|---|---|
| 001 | UCK6424 | ||
| 003 | CL-VaPUC | ||
| 008 | 050930e20050600CL |||||||||||||||||spa|d | ||
| 020 | |a 9561016222 | ||
| 020 | |a 9561016230v.1 | ||
| 020 | |a 9561016249v.2 | ||
| 082 | 0 | 4 | |a 341.75 |b PIC |2 21 |
| 100 | 0 | |a Picand Albónico, Eduardo |e author |9 495729 | |
| 245 | 1 | 0 | |a Arbitraje comercial internacional |
| 250 | |a 1a. ed | ||
| 300 | |a 2 v | ||
| 942 | |c BK | ||
| 945 | |d 20050930 00:00:00 |a jcarroza | ||
| 260 | |a Santiago |b Jurídica de Chile |c 2005 | ||
| 650 | 0 | |a Arbitraje comercial |9 257152 | |
| 650 | 0 | |a Arbitraje Comercial Internacional |9 257153 | |
| 650 | 7 | |a COMERCIO INTERNACIONAL |2 CL-VaPUC |9 495730 | |
| 650 | 0 | |a Derecho económico internacional |9 256191 | |
| 651 | 7 | |a CHILE |2 CL-VaPUC |9 495731 | |
| 583 | |a last modification |c 20050930 00:00:00 |k Rodrigo Vera | ||
| 999 | |c 314711 |d 314709 | ||
| 952 | |0 0 |1 0 |4 0 |6 341_750000000000000_PIC_2005 |7 0 |8 A |9 387390 |a BIBDER |b BIBDER |d 2019-11-22 |h v.1 |i 4168984 |l 2 |m 2 |o 341.75 PIC 2005 |p 4168984 |r 2024-04-08 |s 2024-03-25 |w 2019-11-22 |y BK |k DER | ||
| 952 | |0 0 |1 0 |4 0 |6 341_750000000000000_PIC_2005 |7 0 |8 A |9 387391 |a BIBDER |b BIBDER |d 2019-11-22 |h v.2 |i 4168992 |l 2 |m 2 |o 341.75 PIC 2005 |p 4168992 |r 2024-04-10 |s 2024-03-25 |w 2019-11-22 |y BK |k DER | ||